00888nam a22002537a 450000500170000001000130001702000100003003500130004003700160005304000120006908200110008110000250009224500780011726000440019527000500023930000200028949000470030965000270035665000340038370000240041794200200044199900190046195201540048020170124110124.0 aA-285759 c00.00 aA-285759 bCen Lib/Ret aDPLbEN aNbSIN aSinha, Mridula98450 aSobs that bloom :cby Mridula Sinha; translated by R. K. Sinhaba novel / bVikas Publishing HouseaNew Delhic1986 bNew Delhia5, Ansari Road, Darya Ganje110002 a131p. c22m(Hb) aVikas library of modern Indian writingv33 aEnglish fiction931240 aIndic fiction(English)931241 aSinha, R. K. 97949 2ddccENhNmSIN c131234d131234 04104070aLbLd2015-07-14eCen Lib/Retg0.00l0oN SINpA-285759r2015-07-14 00:00:00t1v0.00w2015-07-14yENzW/d List No. 6852/14 : dtd 21/7/20